| 000 | 00497nam a2200181Ia 4500 | ||
|---|---|---|---|
| 999 |
_c5638 _d5638 |
||
| 008 | 200103s 1995 ||||xx |||||||||||||| ||und|| | ||
| 020 | _a9780750618427 | ||
| 082 |
_a623.82 _bEYR |
||
| 100 | _aEyres, D. J. | ||
| 245 | 0 | _aShip construction | |
| 250 | _a4th ed. | ||
| 260 |
_bNEWNES : An imprint of Butterworth-Heinemann Ltd. _c1995 _aOxford |
||
| 300 | _avi, 340p. | ||
| 650 | _aIntroduction to shipbuilding | ||
| 650 | _aShip structure | ||
| 650 | _aShipyard practice | ||
| 942 | _cBK | ||